| 000 | 02272nam a2200301 a 4500 | ||
|---|---|---|---|
| 999 |
_c193730 _d193730 |
||
| 003 | BLK | ||
| 005 | 20250212153143.0 | ||
| 008 | 180411b bul|||||r ||||||| ||bul|| | ||
| 010 | _aKNG00202952000 | ||
| 020 | _a978-954-28-2273-8 | ||
| 040 | _aBLK | ||
| 041 |
_aBUL _cBUL |
||
| 080 |
_aБългарска литература _b821.163.2 _x-94 _z821.163.2-94 |
||
| 100 | 1 |
_aБелобрадова, Елисавета Димитрова _937839 |
|
| 139 |
_aДа оцелееш като родител (по действителен случай) _bД 12 |
||
| 245 | 1 | 0 |
_aДа оцелееш като родител (по действителен случай) _b41 ужасно смешни, вълнуващи и поучителни истории, от които ще разберете, че не е толкова страшно _c [Елисавета Белобрадова ... и др.] ; [състав. Елисавета Белобрадова, Красимира Хаджииванова] |
| 257 | _aBGR | ||
| 260 |
_aСофия _bСиела Норма _c2014 _fСофия : Алианс принт |
||
| 300 |
_a320 с. _bс ил. _c21 см |
||
| 380 | _aX | ||
| 500 | _aСведения за авт. отговорност отбелязани на гърба на предзагл. с. - Други авт.: Красимира Хаджииванова, Детелина Стаменова, Бояна Петкова, Илона Нешкова, Фани Давидова, Христина Янева, Димитър Георгиев, Оля Антонова, Явор Костов, Валентина Христова, Ралица Татон, Вяра Савчева, Денчо Дончев, Александър Хаджииванов, Лилия Чернева-Краус, Дарина Рангелова, Елка Стоянова. - Името на Денчо Дончев погрешно отпеч. на гърба на предзагл. с. Дончо Дончев | ||
| 700 |
_9402445 _aХаджииванова, Красимира _eсъстав. |
||
| 852 | _aЦб 284577 | ||
| 856 | 4 |
_qpdf _i0.00 _ldisable |
|
| 856 | 4 |
_qpdf _i0.00 _ldisable |
|
| 942 |
_cKNG _n0 _016 _s1 |
||
| 944 |
_aCR _c2017-03-23 _k30530 _lМинев Младен |
||